|
|
|
|
| LEADER |
01225nam a2200265 a 4500 |
| 001 |
GR-MES10502 |
| 003 |
GR-PaULI |
| 005 |
20230523082351.0 |
| 008 |
060713s2004 maua b 001 0 gre d |
| 952 |
|
|
|0 0
|1 0
|2 ddc
|4 0
|6 658_840000000000000_INT
|7 0
|9 269928
|a MSLG
|b MSLG
|c BSC
|d 2021-01-17
|e 24
|f 0
|g 0.00
|l 0
|o 658.84 INT
|p 2420000020489
|r 2021-01-17 00:00:00
|t 1
|w 2021-01-17
|y BK15
|x 20060713 0 1
|x GrPaTEI
|
| 952 |
|
|
|0 0
|1 0
|2 ddc
|4 0
|6 658_840000000000000_INT
|7 0
|9 371953
|a LISP
|b LISP
|c BSC
|d 2023-05-23
|i 42580
|l 0
|o 658.84 INT
|p 025000300868
|r 2023-05-23 00:00:00
|t 2
|w 2023-05-23
|y BK15
|
| 999 |
|
|
|c 155845
|d 155845
|
| 020 |
|
|
|a 0071232591
|
| 040 |
|
|
|a GrPaTEI
|b gre
|c GR-PaULI
|e AACR2
|
| 082 |
0 |
4 |
|a 658.84
|2 23
|
| 100 |
1 |
|
|a Mohammed, Rafi
|e συγγραφέας.
|9 198266
|
| 245 |
1 |
0 |
|a Internet marketing :
|b building advantage in the networked economy /
|c Rafi A. Mohammed. ... [et al.].
|
| 250 |
|
|
|a 2nd ed.
|
| 260 |
|
|
|a Boston :
|b McGraw-Hill,
|c c2004.
|
| 300 |
|
|
|a xxxi, 743σ. :
|b εικ. ;
|c 27εκ.
|
| 504 |
|
|
|a Περιλαμβάνει βιβλιογραφίες και ευρετήριο.
|
| 650 |
|
4 |
|a Ηλεκτρονικό εμπόριο
|9 2279
|
| 650 |
|
4 |
|a Μάρκετινγκ
|9 9764
|
| 942 |
|
|
|2 ddc
|c BK
|
| 998 |
|
|
|c ΜΠΟΥΡΑΣ
|d 2023-05
|